| 000 | 00464nab a2200145Ia 4500 | ||
|---|---|---|---|
| 003 | ES-SlBCS | ||
| 005 | 20220513011006.0 | ||
| 008 | 140529s1970 xxu||||| |||| 00| 0 ita d | ||
| 041 | _aita | ||
| 100 | 1 |
_aOttonello, Pier Paolo _959868 |
|
| 245 | 0 | 0 |
_aNegri, ovvero le nostalgie dell'ideologia _c Pier Paolo Ottonello |
| 600 | 1 |
_aNegri, Antonio-Ideología _9199724 |
|
| 773 | 0 |
_tGiornali di Metafisica _gvol. 25, nº. 4, 1970, págs. 437-444 _w0017-0372 |
|
| 942 | _cAR | ||
| 999 |
_c587055 _d587055 |
||